000 00449nam a2200145 i 4500
001 84124
003 ES-MaACL
007 t|
008 041119s1927 fr ||||1| fre d
100 1 _aJakubisiak, Augustin.
_965942
245 1 0 _aEssai sur les limites de l'espace et du temps /
_cpar Augustin Jakubisiak.
260 _aParis :
_bFélix Alcan,
_c1927 (
_fPresses Universitaires de France)
300 _a196 p. ;
_c23 cm.
852 _aES-MaACL
_jB-5584
999 _c84124
_d84124